| 000 | 00657pam a2200193 a 4500 | ||
|---|---|---|---|
| 001 | 16659139 | ||
| 005 | 20250317155102.0 | ||
| 008 | 110218s2010 onca b 001 0 eng | ||
| 020 | _a9780195431667 | ||
| 050 | 0 | 0 |
_aHM586 _b.S84 2010 |
| 100 | 1 |
_aSteckley, John, _d1949- |
|
| 245 | 1 | 0 |
_aElements of sociology : _ba critical Canadian introduction / _cJohn Steckley, Guy Kirby Letts. |
| 250 | _a2nd ed. | ||
| 260 |
_aDon Mills, Ont. ; _aNew York : _bOxford University Press, _c2010. |
||
| 300 |
_axxiii, 434 p. : _bill. (chiefly col.) ; _c28 cm. |
||
| 650 | 0 |
_aSociology _zCanada _vTextbooks. |
|
| 700 | 1 |
_aLetts, Guy Kirby, _d1961- |
|
| 942 |
_2lcc _cBK _e2nd Ed. _n0 |
||
| 999 |
_c4879 _d4879 |
||